Arany János emlékezete a Dugonics-Társaságban
Elmentve itt :
| Dokumentumtípus: | Cikk |
|---|---|
| Megjelent: |
1932-11-29
|
| Sorozat: | Délmagyarország
8 No. 272 |
| Kulcsszavak: | Banner János, Imre Sándor, Arany János, Előadás |
| Online Access: | http://dmarchiv.bibl.u-szeged.hu/32218 |
| LEADER | 00456nab a2200145 i 4500 | ||
|---|---|---|---|
| 001 | delm32218 | ||
| 005 | 20180927105650.0 | ||
| 008 | 180927s1932 hu o 0|| hun d | ||
| 040 | |a SZTE Délmagyarország Archívum |b hun | ||
| 041 | |a hun | ||
| 245 | 0 | 0 | |a Arany János emlékezete a Dugonics-Társaságban |h [elektronikus dokumentum] |
| 260 | |c 1932-11-29 | ||
| 300 | |a 6 | ||
| 490 | 0 | |a Délmagyarország |v 8 No. 272 | |
| 695 | |a Banner János, Imre Sándor, Arany János, Előadás | ||